Famous People With Unusual Given Names #1 - Statistics

General Stats
  • This quiz has been taken 99 times
  • The average score is 22 of 40
Answer Stats
Hint Answer % Correct
Barack Obama
100%
Celine Dion
96%
Sigmund Freud
96%
Elon Musk
96%
Angelina Jolie
95%
Osama bin Laden
93%
Hillary Clinton
93%
Mohandas Gandhi
89%
Indira Gandhi
89%
Saddam Hussein
89%
Woodrow Wilson
89%
Frida Kahlo
88%
Cristiano Ronaldo
88%
Lyndon Johnson
76%
Che Guevara
71%
Scarlett Johansson
71%
Galileo Galilei
70%
Ingmar Bergman
64%
Kofi Annan
63%
Immanuel Kant
62%
Marlene Dietrich
60%
Novak Djokovic
58%
Muammar Gaddafi
54%
Jinping Xi
49%
Nicolaus Copernicus
46%
Noam Chomsky
41%
Recep Erdogan
32%
Siddharta Gautama
30%
Jawaharlal Nehru
29%
Rembrandt van Rijn
24%
Rabindranath Tagore
21%
Leonhard Euler
13%
Gottfried Leibniz
12%
Kwame Nkrumah
9%
Shihuang Qin
7%
Bhumibol Adulyadej
4%
Naguib Mahfouz
4%
Murasaki Shikibu
4%
Matsuo Basho
3%
Octave Mirbeau
0%
No matching quizzes found
Score Distribution
Percent of People with Each Score
Percentile by Number Answered
Your Score History
You have not taken this quiz